Macroeconomics for magagers

Guardado en:
Detalles Bibliográficos
Autor principal: EVANS, Michael K.
Otros Autores: Michael K. Evans
Formato: Libro
Publicado: South- Western Blackwell publishing, c2004
Materias:
Etiquetas: Agregar Etiqueta
Sin Etiquetas, Sea el primero en etiquetar este registro!

MARC

LEADER 00000nam a2200000 4500
005 20251001092814.0
020 |a 9781405101448  |c TZS 46,789.6/= 
040 |a MCCL  |b eng.  |e AACR 2nd rev. ed. 
082 |a 339 EVA 
100 |a EVANS, Michael K. 
245 |a Macroeconomics for magagers  |c EVANS, Michael K 
260 |a South- Western  |b Blackwell publishing,  |c c2004 
300 |a xviii, 825 p. :  |b ill. ;  |c 24 cm 
504 |a Includes index 
546 |a eng. 
650 |a Macroeconomics for managers 
700 |a Michael K. Evans 
942 |c BK 
999 |c 11469  |d 11469